All-Time gaming consoles - Statistics

General Stats
  • This quiz has been taken 272 times
  • The average score is 8 of 10
Answer Stats
Answer % Correct
Xbox
99%
PlayStation
89%
PlayStation 2
84%
PlayStation 4
84%
Playstation 3
83%
Xbox360
80%
Wii
77%
Wii U
57%
Xbox1
54%
GameCube
50%
No matching quizzes found
Score Distribution
Percent of People with Each Score
Percentile by Number Answered
Your Score History
You have not taken this quiz